00327nam a2200133Ia 4500003000500000008004100005040001900046082000700065100001900072245004100091260004100132300000800173546001200181STCL181203s9999 xx 000 0 und d aSTCLbENcSTCL 222 aKinney, Donald 4aThe Poetry of St. Therese of Lisieux bCarmel Publishing aTrivandrumc1997 a239 aEnglish